| 000 | 00389cam a2200157ua 4500 | ||
|---|---|---|---|
| 041 |
_aeng _h |
||
| 082 |
_a771.352 _bLOC/CA |
||
| 100 | _aLockett, Arthur . | ||
| 245 |
_aCamera lenses / _cArthur Lockett. _hTextual Documents |
||
| 250 |
_a5 / _b. |
||
| 260 |
_aLondon : _bSir Isaac Pitman & Sons Ltd , _c1962. |
||
| 300 | _a159 ; . | ||
| 504 | _a | ||
| 942 | _cBK | ||
| 999 |
_c10224 _d10224 |
||